000 01032nam a2200277 a 4500
001 000014751
003 DO-SdBNP
005 20240305102638.0
008 100120s2007 dr 001 0 spa d
020 _a9789993458562
040 _aDO-SdBNP
_bspa
_cBNPHU
082 _a343.729304
_bR667j
100 1 _aRobustiano Peña, Víctor,
_d1950-
_933440
245 1 0 _aJurisprudencia contenciosa tributaria /
_cVíctoria Robustiano Peña ; prólogo Rathamés Jiménes Peña.
260 _aSanto Domingo :
_bCentenario,
_c2007.
300 _a167 p. ;
_c23 cm.
500 _aIncluye datos biográficos del autor en la contracubierta
500 _aIncluye notas al pie de las páginas
590 _aInventariado, 2023/MFF
650 4 _aPolítica fiscal
_zRepública Dominicana
_97390
650 4 _aImpuesto
_xLegislación
_zRepública Dominicana
_933441
650 4 _aImpuestos
_921317
_xProtestas y apelación
700 1 _aJiménes Peña, Rathamés
_epról.
_933442
910 _aValidado. Control de calidad MFF
942 _2ddc
_cLBS1
999 _c14334
_d14334